| 000 | 01085cam a2200289 a 4500 | ||
|---|---|---|---|
| 001 | 1967631 | ||
| 003 | OSt | ||
| 005 | 20180117085953.0 | ||
| 008 | 880819s1989 caua 000 0 eng | ||
| 010 | _a 88072259 | ||
| 020 | _a0931961742 | ||
| 040 |
_aDLC _cDLC _dDLC |
||
| 050 | 0 | 0 |
_aBF471 _b.S26 1989 |
| 082 | 0 | 0 |
_a158/.1 _220 |
| 100 | 1 | _aScott, Cynthia D. | |
| 245 | 1 | 0 |
_aManaging personal change : _bself-management skills for work and life transitions / _cCynthia D. Scott and Dennis T. Jaffe. |
| 260 |
_aLos Altos, Calif. : _bCrisp Publications, _cc1989. |
||
| 300 |
_aiii, 71 p. : _bill. ; _c26 cm. |
||
| 650 | 0 | _aChange (Psychology) | |
| 650 | 0 | _aLife change events. | |
| 650 | 0 | _aSelf-management (Psychology) | |
| 700 | 1 | _aJaffe, Dennis T. | |
| 906 |
_a7 _bcbc _corignew _d3 _eopcn _f19 _gy-gencatlg |
||
| 942 |
_2ddc _cBK |
||
| 999 |
_c347367 _d347367 |
||